[Event "Arnold Eikrem Memorial"]
[Site "Oslo"]
[Date "2009.04.12"]
[Round "9"]
[White "Berg, Emanuel"]
[Black "Handke, Florian"]
[Result "1-0"]
[WhiteElo "2610"]
[BlackElo "2496"]
[PlyCount "121"]
[EventDate "2009.??.??"]

1. e4 c5 2. Nf3 Nc6 3. d4 cxd4 4. Nxd4 Nf6 5. Nc3 e5 6. Ndb5 d6 7. Bg5 a6 8.
Na3 b5 9. Bxf6 gxf6 10. Nd5 f5 11. c3 Bg7 12. Bd3 Ne7 13. Nxe7 Qxe7 14. O-O O-O
15. Nc2 Rb8 16. exf5 e4 17. Re1 Bxf5 18. Ne3 Bg6 19. Nd5 Qe5 20. Bc2 f5 21. f4
Qe8 22. Bb3 Bf7 23. Ne3 Qd7 24. Bxf7+ Rxf7 25. Qd2 b4 26. c4 Qc6 27. Rad1 b3
28. a3 Qc5 29. Re2 Rb6 30. Qd5 Qc8 31. g3 Kf8 32. Kg2 Bh8 33. Qa5 Rc6 34. Rd5
Rc5 35. Qb4 Rxd5 36. Nxd5 Bd4 37. Rd2 Bc5 38. Qxb3 a5 39. Qc3 Kg8 40. Qxa5 e3
41. Re2 Qe8 42. Kh3 Rf8 43. Qe1 Qe4 44. b4 Bd4 45. Nxe3 Re8 46. Nc2 Qxe2 47.
Qxe2 Rxe2 48. Nxd4 Rd2 49. Nxf5 Kf7 50. Kg4 Kf6 51. Ne3 Rxh2 52. a4 h5+ 53. Kf3
Ke6 54. a5 Rb2 55. b5 Rb3 56. a6 Ra3 57. Ke4 Kd7 58. f5 Ra4 59. Kd4 Ra3 60. f6
Ke6 61. Nd5 1-0

[Event "Arnold Eikrem Memorial"]
[Site "Oslo"]
[Date "2009.04.12"]
[Round "9"]
[White "Moen, Andreas"]
[Black "Hammer, Jon Ludvig"]
[Result "0-1"]
[WhiteElo "2353"]
[BlackElo "2566"]
[PlyCount "54"]
[EventDate "2009.??.??"]

1. e4 e5 2. Nf3 Nc6 3. Nc3 Nf6 4. d4 exd4 5. Nxd4 Bb4 6. Nxc6 bxc6 7. Bd3 d6 8.
O-O Ng4 9. Be2 Qh4 10. Bf4 O-O 11. Bg3 Qg5 12. Na4 Nf6 13. c3 Bc5 14. Nxc5 Qxc5
15. Qc2 a5 16. h3 Re8 17. Bd3 Qg5 18. Bh2 Bxh3 19. f4 Qc5+ 20. Kh1 Be6 21. e5
dxe5 22. fxe5 Ng4 23. Bxh7+ Kh8 24. Rae1 g6 25. Re4 Qe7 26. Rff4 Qg5 27. Qe2
Nxh2 0-1

[Event "Arnold Eikrem Memorial"]
[Site "Oslo"]
[Date "2009.04.11"]
[Round "8"]
[White "Handke, Florian"]
[Black "Moen, Andreas"]
[Result "1/2-1/2"]
[WhiteElo "2496"]
[BlackElo "2354"]
[PlyCount "119"]
[EventDate "2009.??.??"]

1. e4 e5 2. Nf3 Nf6 3. d4 Nxe4 4. Bd3 d5 5. dxe5 Be7 6. O-O Nc5 7. Be2 O-O 8.
Nc3 c6 9. Be3 Nbd7 10. Rb1 a5 11. a3 Ne6 12. Re1 Qc7 13. Bd4 Nxd4 14. Qxd4 f6
15. exf6 Bxf6 16. Qe3 Ne5 17. Qc5 Qf7 18. Nxe5 Bxe5 19. Nxd5 cxd5 20. Bf3 Bxh2+
21. Kxh2 Rd8 22. Re7 Qf4+ 23. Kg1 Qg5 24. Rbe1 Bg4 25. R7e5 Qg6 26. Bxd5+ Kh8
27. Bxb7 Rab8 28. Qxa5 Rf8 29. Qc7 h6 30. R5e3 Qf6 31. Bf3 Bxf3 32. Rxf3 Qxb2
33. Rxf8+ Rxf8 34. Qc5 Ra8 35. Re3 Qb1+ 36. Kh2 Qb8+ 37. g3 Qb7 38. Re7 Qb2 39.
a4 Qf6 40. a5 Rxa5 41. Re8+ Kh7 42. Qxa5 Qxf2+ 43. Kh3 Qf1+ 44. Kg4 Qc4+ 45.
Kh3 Qf1+ 46. Kg4 Qc4+ 47. Kf3 Qf7+ 48. Kg2 Qxe8 49. Qf5+ g6 50. Qd3 Qc6+ 51.
Kh2 h5 52. c4 Qc5 53. Kg2 Kg7 54. Qc3+ Kf7 55. Qf3+ Ke6 56. Qe4+ Kf6 57. Qf4+
Ke6 58. Qh6 Qc6+ 59. Kh2 Qe4 60. Qg5 1/2-1/2

[Event "Arnold Eikrem Memorial"]
[Site "Oslo"]
[Date "2009.04.11"]
[Round "8"]
[White "Øgaard, Leif"]
[Black "Berg, Emanuel"]
[Result "1/2-1/2"]
[WhiteElo "2403"]
[BlackElo "2610"]
[PlyCount "105"]
[EventDate "2009.??.??"]

1. d4 f5 2. g3 Nf6 3. Bg2 g6 4. Nf3 Bg7 5. O-O O-O 6. c3 c6 7. Bg5 d6 8. Nbd2
Nbd7 9. Re1 e5 10. dxe5 dxe5 11. e4 h6 12. Be3 Ng4 13. Nh4 Qf6 14. exf5 gxf5
15. Ne4 Qe6 16. Nc5 Qf7 17. Nxd7 Nxe3 18. Nxe5 Nxd1 19. Nxf7 Nxb2 20. Ne5 Na4
21. Nhg6 Rf6 22. Rac1 Be6 23. c4 Nc5 24. Rcd1 Re8 25. Nf4 Bf7 26. Bf3 Bf8 27.
Kg2 Re7 28. h4 Ne4 29. Nxf7 Kxf7 30. Rd8 Nc5 31. Red1 a6 32. Bh5+ Kg7 33. Ng6
Ne6 34. Nxe7 Nxd8 35. Rxd8 Bxe7 36. Rd7 Re6 37. Rxb7 Kf6 38. Bf3 Bc5 39. Rc7
Bb6 40. Rc8 Bd4 41. Rxc6 Rxc6 42. Bxc6 Bc5 43. f4 Ke7 44. Bb7 a5 45. Bc8 Kf6
46. a4 h5 47. Bd7 Kg6 48. Be8+ Kh6 49. Kf3 Be7 50. Ke2 Bc5 51. Kf3 Be7 52. Kg2
Bb4 53. Kf3 1/2-1/2

[Event "Arnold Eikrem Memorial"]
[Site "Oslo"]
[Date "2009.04.11"]
[Round "8"]
[White "Johannessen, Leif Erlend"]
[Black "Macieja, Bartlomiej"]
[Result "1/2-1/2"]
[WhiteElo "2540"]
[BlackElo "2601"]
[PlyCount "50"]
[EventDate "2009.??.??"]

1. d4 Nf6 2. c4 e6 3. Nc3 Bb4 4. e3 O-O 5. Bd3 c5 6. Nf3 d5 7. O-O cxd4 8. exd4
dxc4 9. Bxc4 b6 10. Bg5 Bb7 11. Qe2 Bxc3 12. bxc3 Nbd7 13. Ne5 Qc7 14. Nxd7
Nxd7 15. Rac1 Rfe8 16. Bb3 Qc6 17. Qg4 h6 18. Bh4 b5 19. Rfe1 Nf8 20. f3 Rac8
21. Bf6 Ng6 22. Bc2 Kh7 23. d5 Qxd5 24. Rcd1 Qc6 25. Be4 Qc5+ 1/2-1/2

[Event "Arnold Eikrem Memorial"]
[Site "Oslo"]
[Date "2009.04.10"]
[Round "7"]
[White "Elsness, Frode"]
[Black "Handke, Florian"]
[Result "0-1"]
[WhiteElo "2441"]
[BlackElo "2496"]
[PlyCount "74"]
[EventDate "2009.??.??"]

1. d4 d5 2. c4 c6 3. Nf3 Nf6 4. e3 Bf5 5. Nc3 e6 6. Nh4 Be4 7. f3 Bg6 8. Qb3
Qc7 9. Bd2 Be7 10. g3 a6 11. Rc1 Nbd7 12. Be2 dxc4 13. Bxc4 b5 14. Be2 c5 15.
Nxg6 hxg6 16. O-O Qb6 17. dxc5 Nxc5 18. Qc2 O-O 19. b4 Ncd7 20. Ne4 Nxe4 21.
Qxe4 Nf6 22. Qc6 Qa7 23. Qc3 Nd5 24. Qb3 Bxb4 25. Bxb4 Nxb4 26. Kf2 Nd5 27. Rc6
Rac8 28. Rfc1 Qb7 29. Rxc8 Rxc8 30. Rxc8+ Qxc8 31. a4 b4 32. e4 Qc5+ 33. Ke1
Nc3 34. Qc4 Qe3 35. Qxa6 b3 36. Qd3 Qxe2+ 37. Qxe2 Nxe2 0-1

[Event "Arnold Eikrem Memorial"]
[Site "Oslo"]
[Date "2009.04.10"]
[Round "7"]
[White "Trygstad, Kristian"]
[Black "Hammer, Jon Ludvig"]
[Result "1/2-1/2"]
[WhiteElo "2314"]
[BlackElo "2566"]
[PlyCount "115"]
[EventDate "2009.??.??"]

1. e4 c6 2. d4 d5 3. e5 Bf5 4. h4 h6 5. g4 Bd7 6. Nc3 e6 7. Be3 Qc7 8. Nf3 c5
9. Nb5 Bxb5 10. Bxb5+ Nc6 11. c4 dxc4 12. Qa4 Nge7 13. dxc5 h5 14. Nd2 hxg4 15.
Nxc4 Nf5 16. Nd6+ Bxd6 17. exd6 Qd7 18. Qxg4 Kf8 19. Qe4 Rc8 20. Rd1 Qd8 21. d7
Rc7 22. Bg5 f6 23. Qxe6 Qe7 24. Qxe7+ Kxe7 25. Bf4 Rxd7 26. Rxd7+ Kxd7 27. h5
Re8+ 28. Kf1 Re4 29. Bd2 Re5 30. Bc3 Rxc5 31. Bd3 Ke6 32. Kg2 Kf7 33. Rd1 Nh4+
34. Kg3 Rxh5 35. Be2 Nf5+ 36. Kg2 Rg5+ 37. Kh3 Nfe7 38. Rd7 Rf5 39. Bc4+ Ke8
40. Rxb7 Rxf2 41. Bb5 Kd8 42. Bxc6 Nxc6 43. Rxg7 Kc8 44. Rf7 a6 45. Rxf6 Rxf6
46. Bxf6 Nb4 47. a3 Nd3 48. Kg3 Nxb2 49. Bxb2 a5 50. Kf4 a4 51. Ke4 Kb7 52. Kd4
Kb8 53. Kc4 Ka8 54. Kb5 Kb7 55. Bc1 Ka8 56. Kb6 Kb8 57. Bf4+ Ka8 58. Bh2
1/2-1/2

[Event "Arnold Eikrem Memorial"]
[Site "Oslo"]
[Date "2009.04.10"]
[Round "7"]
[White "Macieja, Bartlomiej"]
[Black "Kveinys, Aloyzas"]
[Result "1-0"]
[WhiteElo "2601"]
[BlackElo "2534"]
[PlyCount "69"]
[EventDate "2009.??.??"]

1. d4 Nf6 2. c4 e6 3. Nc3 Bb4 4. e3 O-O 5. Nge2 d5 6. a3 Be7 7. cxd5 exd5 8. g3
c6 9. Bg2 Na6 10. O-O Nc7 11. b4 a6 12. f3 Nb5 13. Qd3 Be6 14. Nf4 Qd7 15. Na4
Rae8 16. Nc5 Bxc5 17. Nxe6 Bxb4 18. Nxf8 Bxf8 19. Re1 a5 20. a4 Nd6 21. e4 h5
22. Ba3 Nc4 23. Bxf8 Rxf8 24. e5 Ne8 25. f4 f5 26. Rab1 b5 27. e6 Qc7 28. e7
Rf7 29. axb5 Ncd6 30. bxc6 Qxc6 31. Re5 Nf6 32. Qb3 Nde4 33. Qb8+ Ne8 34. Qb5
Qc8 35. Qxd5 1-0

[Event "Arnold Eikrem Memorial"]
[Site "Oslo"]
[Date "2009.04.09"]
[Round "6"]
[White "Berg, Emanuel"]
[Black "Elsness, Frode"]
[Result "1-0"]
[WhiteElo "2610"]
[BlackElo "2441"]
[PlyCount "133"]
[EventDate "2009.??.??"]

1. e4 e5 2. Nf3 Nc6 3. Bb5 Nf6 4. O-O Nxe4 5. d4 Nd6 6. Bxc6 dxc6 7. dxe5 Nf5
8. Qxd8+ Kxd8 9. Nc3 Ne7 10. h3 Ng6 11. Be3 h6 12. Rad1+ Ke8 13. a3 Be7 14.
Rfe1 h5 15. Nd4 h4 16. f4 Rh5 17. Ne4 Bd7 18. b4 Rd8 19. c3 Bc8 20. Bc1 Kf8 21.
Rf1 Re8 22. Bb2 Kg8 23. Rde1 Bf8 24. c4 Rd8 25. Rd1 Re8 26. Rde1 Rd8 27. Rf3
Re8 28. Rf2 Rd8 29. Rff1 Re8 30. Bc3 Rd8 31. Bb2 Re8 32. Bc3 Rd8 33. Ba1 Re8
34. Rf2 Rd8 35. Rf3 Re8 36. Rf2 Rd8 37. Rff1 Re8 38. e6 fxe6 39. f5 Ne5 40. f6
Nf7 41. fxg7 Bxg7 42. Nf6+ Bxf6 43. Rxf6 e5 44. Nf3 Bd7 45. Re4 b6 46. Rxh4
Rxh4 47. Nxh4 Be6 48. Nf3 c5 49. bxc5 bxc5 50. Nd2 Nd6 51. Bxe5 Nxc4 52. Rxe6
Rxe6 53. Nxc4 Ra6 54. Bb2 Ra4 55. Ne3 c4 56. Kf2 c3 57. Bc1 Ra6 58. Ke2 Rd6 59.
Nd1 Re6+ 60. Ne3 Rd6 61. h4 Rd4 62. g4 a5 63. h5 a4 64. Nf5 Rd7 65. g5 Kh8 66.
g6 c2 67. h6 1-0

[Event "Arnold Eikrem Memorial"]
[Site "Oslo"]
[Date "2009.04.09"]
[Round "6"]
[White "Hammer, Jon Ludvig"]
[Black "Macieja, Bartlomiej"]
[Result "1/2-1/2"]
[WhiteElo "2566"]
[BlackElo "2601"]
[PlyCount "200"]
[EventDate "2009.??.??"]

1. e4 c5 2. Nf3 e6 3. c4 Nc6 4. Nc3 e5 5. d3 d6 6. g3 g6 7. Bg2 Bh6 8. O-O Bxc1
9. Qxc1 Kf8 10. Ne1 Kg7 11. f4 Nd4 12. Nc2 Ne7 13. Rf2 f6 14. Rb1 a5 15. Qd2
Nxc2 16. Qxc2 Be6 17. a3 Rb8 18. b4 b6 19. b5 Qd7 20. Rbf1 Rhf8 21. Nd1 exf4
22. Rxf4 g5 23. R4f2 Ng6 24. Ne3 Ne5 25. Qc3 Rbc8 26. Bf3 Bh3 27. Rc1 Be6 28.
Be2 Qf7 29. Rd1 Qc7 30. Kg2 Rcd8 31. Rh1 h6 32. h3 Qd7 33. Bh5 Qc8 34. Qd2 Qd7
35. Qc2 Rb8 36. Qb1 f5 37. exf5 Bxf5 38. Rxf5 Rxf5 39. Nxf5+ Qxf5 40. Rf1 Qh7
41. Be2 Rf8 42. Qd1 Qg6 43. Kh2 Rf5 44. Bf3 Qf6 45. Kg2 Ng6 46. Qe2 Qe5 47. Qd2
Qd4 48. Qe2 Ne5 49. Be4 Rxf1 50. Kxf1 Qa1+ 51. Kg2 Qxa3 52. Qf2 a4 53. Qf5 Qb2+
54. Kh1 Qc1+ 55. Kg2 Qd2+ 56. Kf1 Qd1+ 57. Kg2 Qc2+ 58. Kh1 Qb1+ 59. Kg2 Qa2+
60. Kh1 Qa1+ 61. Kg2 Qb2+ 62. Kh1 Qc1+ 63. Kg2 a3 64. Qh7+ Kf8 65. Qxh6+ Ke7
66. Bd5 Qd2+ 67. Kh1 Qe1+ 68. Kg2 Qe2+ 69. Kg1 Qd1+ 70. Kg2 Qd2+ 71. Kh1 a2 72.
Qg7+ Kd8 73. Qf8+ Kc7 74. Qg7+ Nd7 75. Bc6 Qe1+ 76. Kg2 Qe2+ 77. Kg1 Qe6 78.
Qa1 Qe3+ 79. Kh1 Qf2 80. Qg7 Qe1+ 81. Kg2 Qe2+ 82. Kg1 Qe6 83. Qa1 Qe3+ 84. Kh1
Qxg3 85. Qxa2 Qxh3+ 86. Kg1 Qg3+ 87. Kh1 Qh4+ 88. Kg2 Qg4+ 89. Kh1 Qh3+ 90. Kg1
Qg3+ 91. Kh1 Qe1+ 92. Kg2 Qa5 93. Qe2 Ne5 94. Be4 Qc3 95. Qa2 Qa5 96. Qe2 g4
97. Qf2 Qc3 98. Qa2 Qa5 99. Qf2 Qc3 100. Qa2 Qa5 1/2-1/2

[Event "Arnold Eikrem Memorial"]
[Site "Oslo"]
[Date "2009.04.09"]
[Round "6"]
[White "Kveinys, Aloyzas"]
[Black "Johannessen, Leif Erlend"]
[Result "1/2-1/2"]
[WhiteElo "2534"]
[BlackElo "2540"]
[PlyCount "59"]
[EventDate "2009.??.??"]

1. d4 Nf6 2. c4 e6 3. Nc3 Bb4 4. Qc2 d5 5. cxd5 exd5 6. Bg5 c5 7. e3 cxd4 8.
exd4 h6 9. Bh4 Nc6 10. Bb5 O-O 11. Nge2 Qb6 12. Bxc6 Qxc6 13. Qb3 Bxc3+ 14.
Qxc3 g5 15. Qxc6 bxc6 16. Bg3 Re8 17. Kd1 Ba6 18. Nc3 c5 19. dxc5 d4 20. Na4
Bb5 21. b3 Rac8 22. Re1 Bxa4 23. bxa4 Ne4 24. f3 Nxc5 25. Rxe8+ Rxe8 26. Rb1
Nxa4 27. Rb8 Rxb8 28. Bxb8 Nc3+ 29. Kc2 Nxa2 30. Bxa7 1/2-1/2

[Event "Arnold Eikrem Memorial"]
[Site "Oslo"]
[Date "2009.04.09"]
[Round "6"]
[White "Øgaard, Leif"]
[Black "Moen, Andreas"]
[Result "1-0"]
[WhiteElo "2403"]
[BlackElo "2354"]
[PlyCount "111"]
[EventDate "2009.??.??"]

1. Nf3 Nf6 2. c4 e6 3. Nc3 Bb4 4. Qb3 c5 5. a3 Ba5 6. g3 Nc6 7. Bg2 O-O 8. O-O
h6 9. e3 d5 10. Rd1 Bxc3 11. Qxc3 d4 12. exd4 cxd4 13. Qb3 e5 14. d3 a5 15. Bd2
Qc7 16. Qc2 Bf5 17. b4 axb4 18. axb4 Rxa1 19. Rxa1 e4 20. dxe4 Bxe4 21. Qb3 Rd8
22. Bf4 Qe7 23. c5 Nd5 24. Bd6 Qf6 25. Re1 Bxf3 26. Bxf3 Ndxb4 27. Bxc6 Nxc6
28. Qxb7 Qf3 29. Bc7 Rf8 30. Qb1 Qd5 31. Bd6 Ra8 32. Qd3 f5 33. h4 Ra2 34. h5
Ra8 35. Kh2 Ra2 36. Kg1 Ra8 37. Kh2 Ra2 38. Kg1 Ra7 39. g4 Rf7 40. f4 Nb4 41.
Qe2 d3 42. Qe8+ Kh7 43. g5 hxg5 44. fxg5 Qd4+ 45. Kf1 d2 46. g6+ Kh6 47. gxf7
Qd3+ 48. Kf2 Qd4+ 49. Qe3+ Qxe3+ 50. Rxe3 d1=Q 51. Bf4+ Kxh5 52. f8=Q Nd3+ 53.
Rxd3 Qxd3 54. Qe8+ Kh4 55. Qe7+ Kh3 56. Qe3+ 1-0

[Event "Arnold Eikrem Memorial"]
[Site "Oslo"]
[Date "2009.04.08"]
[Round "5"]
[White "Macieja, Bartlomiej"]
[Black "Handke, Florian"]
[Result "1/2-1/2"]
[WhiteElo "2601"]
[BlackElo "2496"]
[PlyCount "40"]
[EventDate "2009.??.??"]

1. c4 Nf6 2. d4 c6 3. Bf4 g6 4. Nc3 Bg7 5. Nf3 O-O 6. h3 d6 7. e3 a6 8. b4 Nbd7
9. Be2 b5 10. cxb5 axb5 11. O-O Nb6 12. Bh2 Be6 13. a3 Bc4 14. Bxc4 Nxc4 15. a4
Nb2 16. Qc2 Nxa4 17. Nxa4 bxa4 18. Rxa4 Qb6 19. Rxa8 Rxa8 20. e4 Qxb4 1/2-1/2

[Event "Arnold Eikrem Memorial"]
[Site "Oslo"]
[Date "2009.04.08"]
[Round "5"]
[White "Kveinys, Aloyzas"]
[Black "Øgaard, Leif"]
[Result "1-0"]
[WhiteElo "2534"]
[BlackElo "2403"]
[PlyCount "95"]
[EventDate "2009.??.??"]

1. d4 d5 2. c4 c6 3. Nf3 Nf6 4. e3 Bf5 5. Nc3 e6 6. Nh4 Be4 7. f3 Bg6 8. Qb3
Qc7 9. Bd2 Nbd7 10. O-O-O Be7 11. Nxg6 hxg6 12. Kb1 dxc4 13. Bxc4 Nb6 14. h3
Nxc4 15. Qxc4 Nd5 16. Ne4 O-O-O 17. Rc1 Kb8 18. Qa4 e5 19. Ba5 Nb6 20. Qb3 Rd5
21. Qxd5 cxd5 22. Rxc7 Kxc7 23. Nc3 exd4 24. Nxd5+ Kd6 25. Nxe7 Kxe7 26. Bxb6
axb6 27. exd4 Kd6 28. Kc2 Kd5 29. Re1 Rc8+ 30. Kd3 Kd6 31. h4 Kd7 32. a4 Kd6
33. b3 Kd7 34. Kd2 Kd6 35. Re5 Kd7 36. Rd5+ Kc6 37. Rg5 Rh8 38. g3 Kd6 39. Kd3
Kc6 40. f4 Kd6 41. Rb5 Kc6 42. Rg5 Kd6 43. Kc4 Rc8+ 44. Kb5 Rc3 45. b4 Rb3 46.
h5 gxh5 47. Rxg7 Ke6 48. Rg5 1-0

[Event "Arnold Eikrem Memorial"]
[Site "Oslo"]
[Date "2009.04.08"]
[Round "5"]
[White "Trygstad, Kristian"]
[Black "Berg, Emanuel"]
[Result "1/2-1/2"]
[WhiteElo "2314"]
[BlackElo "2610"]
[PlyCount "84"]
[EventDate "2009.??.??"]

1. e4 c5 2. Nf3 d6 3. d4 cxd4 4. Nxd4 Nf6 5. Nc3 a6 6. Be2 e5 7. Nb3 Be7 8. O-O
O-O 9. Be3 Be6 10. a4 Nc6 11. Qd2 d5 12. exd5 Nxd5 13. Nxd5 Qxd5 14. Qxd5 Bxd5
15. c4 Be4 16. Nd2 Bg6 17. Bf3 Rfd8 18. Rfd1 Nd4 19. Bd5 Bc2 20. Re1 Bb4 21.
Bxb7 Rab8 22. Bd5 Kf8 23. f4 Bd3 24. fxe5 Nc2 25. Bg5 Nxa1 26. Rxa1 Bxd2 27.
Bxd2 Rxb2 28. Ba5 Rdb8 29. Bc7 Rb1+ 30. Rxb1 Rxb1+ 31. Kf2 Bf5 32. c5 Ke8 33.
a5 Rc1 34. c6 Bd3 35. Bb6 Bc4 36. Be4 Be6 37. Ke2 Ke7 38. Kd2 Rh1 39. Bc5+ Kd8
40. Bb6+ Ke7 41. Bc5+ Kd8 42. Bb6+ Ke7 1/2-1/2

[Event "Arnold Eikrem Memorial"]
[Site "Oslo"]
[Date "2009.04.07"]
[Round "4"]
[White "Hammer, Jon Ludvig"]
[Black "Kveinys, Aloyzas"]
[Result "0-1"]
[WhiteElo "2566"]
[BlackElo "2534"]
[PlyCount "74"]
[EventDate "2009.??.??"]

1. d4 Nf6 2. c4 e6 3. Nf3 d5 4. g3 dxc4 5. Bg2 a6 6. Ne5 c5 7. Be3 Nd5 8. Nc3
Nxe3 9. fxe3 Be7 10. Qa4+ Nd7 11. dxc5 Bxc5 12. Rd1 Qc7 13. Nxd7 Bxd7 14. Qxc4
Rc8 15. Ne4 Qa5+ 16. Kf1 Be7 17. Qd4 O-O 18. Nd6 Bxd6 19. Qxd6 Ba4 20. Rd4 Bc6
21. Bxc6 Rxc6 22. Qb4 Qc7 23. Kg2 Rc2 24. Re1 h6 25. Kf2 b5 26. Red1 Qe5 27.
R4d2 Rfc8 28. Qf4 Qxb2 29. Rd8+ Rxd8 30. Rxd8+ Kh7 31. Qxf7 Rxe2+ 32. Kf1 Rxe3
33. Qg8+ Kg6 34. Rf8 Qe2+ 35. Kg1 Qd1+ 36. Kg2 Qd5+ 37. Kg1 Re1+ 0-1

[Event "Arnold Eikrem Memorial"]
[Site "Oslo"]
[Date "2009.04.07"]
[Round "4"]
[White "Handke, Florian"]
[Black "Johannessen, Leif Erlend"]
[Result "1/2-1/2"]
[WhiteElo "2496"]
[BlackElo "2540"]
[PlyCount "78"]
[EventDate "2009.??.??"]

1. e4 e5 2. Nf3 Nc6 3. Bc4 Nf6 4. d3 Be7 5. O-O O-O 6. Re1 d6 7. c3 Kh8 8. Nbd2
Ng8 9. d4 Bf6 10. Nb3 Bg4 11. Be3 Bxf3 12. Qxf3 Bg5 13. Bd5 Bxe3 14. Qxe3 Nge7
15. dxe5 Nxd5 16. exd5 Nxe5 17. Na5 b6 18. Nc6 Nxc6 19. dxc6 Re8 20. Qh3 Kg8
21. Rad1 Qc8 22. Qd3 Re6 23. h3 Qe8 24. Rxe6 fxe6 25. Re1 Qxc6 26. Rxe6 Re8 27.
Rxe8+ Qxe8 28. Qc4+ Qf7 29. Qa6 c5 30. Qc8+ Qf8 31. Qb7 h6 32. Qxa7 Qf4 33.
Qa8+ Kh7 34. g3 Qc1+ 35. Kg2 Qxb2 36. Qe4+ Kh8 37. Qe8+ Kh7 38. Qe4+ Kh8 39.
Qe8+ Kh7 1/2-1/2

[Event "Arnold Eikrem Memorial"]
[Site "Oslo"]
[Date "2009.04.07"]
[Round "4"]
[White "Berg, Emanuel"]
[Black "Macieja, Bartlomiej"]
[Result "1-0"]
[WhiteElo "2610"]
[BlackElo "2601"]
[PlyCount "157"]
[EventDate "2009.??.??"]

1. e4 c5 2. Nf3 Nc6 3. d4 cxd4 4. Nxd4 g6 5. Nc3 Bg7 6. Be3 Nf6 7. Bc4 O-O 8.
Bb3 d6 9. f3 Bd7 10. Qd2 Nxd4 11. Bxd4 b5 12. h4 a5 13. a4 bxa4 14. Nxa4 Be6
15. Bxe6 fxe6 16. b3 Qc7 17. Qc3 Qb7 18. Qc4 d5 19. Qe2 dxe4 20. O-O-O Rac8 21.
Kb1 Rfd8 22. Rhe1 Qc6 23. fxe4 Rb8 24. Be5 Rxd1+ 25. Qxd1 Rb4 26. Qd8+ Kf7 27.
Bxf6 exf6 28. Rd1 Rb7 29. Qxa5 Qxe4 30. Nc5 Qg4 31. Qd8 Re7 32. Rd7 Bf8 33. Nb7
Rxd7 34. Qxd7+ Kg8 35. Nd8 Qb4 36. Qf7+ Kh8 37. Qxf6+ Kg8 38. Qf7+ Kh8 39. Qf6+
Kg8 40. Nxe6 Bh6 41. Qd8+ Kf7 42. Ng5+ Bxg5 43. Qxg5 Qd4 44. Qg3 Qd1+ 45. Kb2
Qd4+ 46. Ka2 Qa7+ 47. Kb1 Qg1+ 48. Ka2 Qa7+ 49. Kb2 Qd4+ 50. c3 Qd2+ 51. Ka3 h5
52. Qc7+ Kg8 53. g3 Qe1 54. b4 Qa1+ 55. Kb3 Qd1+ 56. Kc4 Qf1+ 57. Kc5 Qf5+ 58.
Kb6 Qe6+ 59. Ka7 Qb3 60. Kb8 Kh8 61. Qe5+ Kh7 62. b5 Kg8 63. Qc5 Kh7 64. c4 Kh6
65. Qf8+ Kh7 66. Qe7+ Kh6 67. Qe5 Kh7 68. Qc7+ Kh6 69. b6 Qb2 70. Qf4+ Kh7 71.
c5 Qb3 72. Qe5 Qb5 73. Qe7+ Kh6 74. Qf8+ Kh7 75. Qf7+ Kh6 76. Qg8 Qb2 77. Kb7
Qe5 78. c6 Qe7+ 79. c7 1-0

[Event "Arnold Eikrem Memorial"]
[Site "Oslo"]
[Date "2009.04.07"]
[Round "4"]
[White "Moen, Andreas"]
[Black "Trygstad, Kristian"]
[Result "1/2-1/2"]
[WhiteElo "2354"]
[BlackElo "2314"]
[PlyCount "42"]
[EventDate "2009.??.??"]

1. e4 c5 2. Nf3 d6 3. d4 Nf6 4. Nc3 cxd4 5. Nxd4 g6 6. Be3 Bg7 7. f3 O-O 8. Qd2
Nc6 9. O-O-O Nxd4 10. Bxd4 Be6 11. Kb1 Qc7 12. h4 Rfc8 13. h5 Qa5 14. hxg6 hxg6
15. a3 Rab8 16. Bd3 Bc4 17. Bxc4 Rxc4 18. Bxf6 Bxf6 19. Nd5 Qxd2 20. Nxf6+ Kg7
21. Nh5+ gxh5 1/2-1/2

[Event "Arnold Eikrem Memorial"]
[Site "Oslo"]
[Date "2009.04.06"]
[Round "3"]
[White "Trygstad, Kristian"]
[Black "Elsness, Frode"]
[Result "0-1"]
[WhiteElo "2314"]
[BlackElo "2441"]
[PlyCount "128"]
[EventDate "2009.??.??"]

1. e4 c5 2. Nf3 d6 3. d4 cxd4 4. Nxd4 Nf6 5. Nc3 a6 6. Be2 e6 7. O-O Be7 8. a4
Nc6 9. Be3 O-O 10. f4 Qc7 11. Kh1 Re8 12. Bd3 Nb4 13. a5 Bd7 14. Nf3 Rac8 15.
Bb6 Qb8 16. Qe1 e5 17. fxe5 dxe5 18. Qg3 Nxd3 19. cxd3 Bb4 20. Nd2 Rc6 21. Rac1
Qc8 22. d4 exd4 23. Bxd4 Ree6 24. Rcd1 Qf8 25. Bxf6 Rxf6 26. Rxf6 Rxf6 27. Nd5
Re6 28. Qc7 Bc6 29. Nf3 Bd6 30. Qb6 Rxe4 31. Nc3 Re8 32. Qd4 Bc5 33. Qc4 Bb4
34. Nd4 Qe7 35. Rf1 Bxa5 36. Nxc6 bxc6 37. Qxc6 Qe6 38. Qf3 h6 39. h3 Bc7 40.
Nd5 Bd6 41. Qh5 Rb8 42. b4 Bxb4 43. Nxb4 Rxb4 44. Qa5 Re4 45. Ra1 Qd6 46. Qf5
Re6 47. Rc1 g6 48. Qf3 Qe7 49. Kh2 Qf6 50. Qg4 Kh7 51. Qc4 Kg7 52. Rf1 Qe5+ 53.
Kh1 Rf6 54. Rc1 Qf4 55. Qc3 Kh7 56. Rd1 Rd6 57. Ra1 Rd2 58. Qc6 a5 59. Qa6 Qf2
60. Rg1 Ra2 61. Qc4 a4 62. Qd5 a3 63. Rb1 Rd2 64. Qa8 a2 0-1

[Event "Arnold Eikrem Memorial"]
[Site "Oslo"]
[Date "2009.04.06"]
[Round "3"]
[White "Macieja, Bartlomiej"]
[Black "Moen, Andreas"]
[Result "1-0"]
[WhiteElo "2601"]
[BlackElo "2354"]
[PlyCount "87"]
[EventDate "2009.??.??"]

1. e4 e5 2. Nf3 Nf6 3. d4 Nxe4 4. Bd3 d5 5. dxe5 Be7 6. O-O Nc5 7. Be2 O-O 8.
Be3 Bg4 9. Nc3 Bxf3 10. Bxf3 c6 11. Bg4 Nbd7 12. Re1 a5 13. Bh3 Qc7 14. f4 f6
15. e6 Nb6 16. f5 Nc4 17. Bd4 b6 18. g3 Rfd8 19. b3 Nd6 20. Qh5 Rac8 21. Bg2
Kh8 22. Rad1 Qb7 23. Bf2 Rg8 24. Rd4 g6 25. fxg6 Rxg6 26. Rh4 Rg7 27. Bd4 Rf8
28. Bh3 Nce4 29. Nxe4 Nxe4 30. Bf5 Ng5 31. Rg4 Bc5 32. Bxc5 bxc5 33. Kg2 c4 34.
h4 Ne4 35. Bxe4 dxe4 36. Rxg7 Qxg7 37. Rxe4 f5 38. e7 fxe4 39. e8=Q Rxe8 40.
Qxe8+ Qg8 41. Qe5+ Qg7 42. Qe8+ Qg8 43. Qxg8+ Kxg8 44. Kf2 1-0

[Event "Arnold Eikrem Memorial"]
[Site "Oslo"]
[Date "2009.04.06"]
[Round "3"]
[White "Kveinys, Aloyzas"]
[Black "Handke, Florian"]
[Result "1/2-1/2"]
[WhiteElo "2534"]
[BlackElo "2496"]
[PlyCount "72"]
[EventDate "2009.??.??"]

1. d4 d5 2. Nf3 c6 3. c4 Nf6 4. e3 Bf5 5. Nc3 e6 6. Nh4 Be4 7. Qb3 Qc7 8. f3
dxc4 9. Bxc4 Bd5 10. Nxd5 cxd5 11. Bb5+ Nc6 12. f4 a6 13. Bd3 Nb4 14. Bd2 Nxd3+
15. Qxd3 Bd6 16. Qb3 Rc8 17. O-O O-O 18. Rac1 Qe7 19. Nf3 b5 20. Qd3 Ne4 21.
Rc2 Qb7 22. Rfc1 f6 23. Be1 Rc4 24. Nd2 Nxd2 25. Bxd2 Rfc8 26. b3 R4c6 27. Rxc6
Rxc6 28. Rxc6 Qxc6 29. Qc3 Qxc3 30. Bxc3 Kf7 31. Kf2 Kg6 32. Kf3 Kh5 33. Be1 f5
34. h3 g5 35. fxg5 Kxg5 36. Ba5 Kg6 1/2-1/2

[Event "Arnold Eikrem Memorial"]
[Site "Oslo"]
[Date "2009.04.06"]
[Round "3"]
[White "Hammer, Jon Ludvig"]
[Black "Øgaard, Leif"]
[Result "1-0"]
[WhiteElo "2566"]
[BlackElo "2403"]
[PlyCount "63"]
[EventDate "2009.??.??"]

1. d4 d5 2. c4 e6 3. Nf3 Nf6 4. g3 dxc4 5. Bg2 Bd7 6. Ne5 Bc6 7. Nxc6 Nxc6 8.
O-O Qd7 9. e3 Rb8 10. Qe2 b5 11. Rd1 Be7 12. b3 cxb3 13. axb3 O-O 14. Bb2 Rfd8
15. Nc3 Nb4 16. Rxa7 Nc6 17. Raa1 Nb4 18. e4 c6 19. h4 Qb7 20. g4 Qb6 21. g5
Ne8 22. e5 Rxd4 23. Rxd4 Qxd4 24. Nd5 Qc5 25. Rc1 Qa7 26. Nxb4 Bxb4 27. Bxc6
Nc7 28. h5 g6 29. Rd1 Be7 30. Rd7 Bxg5 31. Bd4 Qa5 32. Qf3 1-0

[Event "Arnold Eikrem Memorial"]
[Site "Oslo"]
[Date "2009.04.05"]
[Round "2"]
[White "Moen, Andreas"]
[Black "Johannessen, Leif Erlend"]
[Result "0-1"]
[WhiteElo "2354"]
[BlackElo "2540"]
[PlyCount "68"]
[EventDate "2009.??.??"]

1. e4 c5 2. Nf3 Nc6 3. d4 cxd4 4. Nxd4 Nf6 5. Nc3 e5 6. Ndb5 d6 7. Nd5 Nxd5 8.
exd5 Nb8 9. c4 a6 10. Nc3 Be7 11. Be2 O-O 12. O-O f5 13. Rb1 Nd7 14. b4 e4 15.
c5 Bf6 16. Qb3 dxc5 17. d6+ Kh8 18. Nd5 b5 19. bxc5 Nxc5 20. Qe3 Na4 21. Nxf6
Qxf6 22. Bd1 f4 23. Qd2 Qg6 24. Bxa4 Bh3 25. f3 bxa4 26. Rb7 e3 27. Qe2 Rac8
28. Rc7 Qxd6 29. Rxc8 Bxc8 30. Rd1 Qc7 31. Bb2 Rd8 32. Rxd8+ Qxd8 33. g3 Qd2
34. Qc4 Qf2+ 0-1

[Event "Arnold Eikrem Memorial"]
[Site "Oslo"]
[Date "2009.04.05"]
[Round "2"]
[White "Handke, Florian"]
[Black "Hammer, Jon Ludvig"]
[Result "0-1"]
[WhiteElo "2496"]
[BlackElo "2566"]
[PlyCount "66"]
[EventDate "2009.??.??"]

1. e4 c6 2. d4 d5 3. e5 Bf5 4. Nf3 e6 5. Be2 c5 6. O-O Nc6 7. c3 cxd4 8. cxd4
Nge7 9. Nc3 Bg4 10. a3 Nf5 11. Be3 Be7 12. h3 Bxf3 13. Bxf3 f6 14. exf6 Bxf6
15. Bg4 Nce7 16. Ne2 Qb6 17. Qa4+ Kf7 18. Nf4 Rhc8 19. Rac1 Rc6 20. Rxc6 Qxc6
21. Qb4 Rc8 22. Rc1 Qd7 23. Rxc8 Qxc8 24. Qa4 a6 25. Nd3 b6 26. Qd1 g6 27. Nf4
a5 28. Kh2 h5 29. Be2 Qh8 30. Bb5 Bxd4 31. Bd7 Qe5 32. Qf3 Nxe3 33. fxe3 Bxe3
0-1